Ranker's Top 100 Best Star Wars Characters - Statistics

General Stats
  • This quiz has been taken 46 times
  • The average score is 56 of 100
Answer Stats
Rank Hint Answer % Correct
22 most famous protocol droid ever C-3PO
100%
7 wookiee rebel hero Chewbacca
100%
1 the chosen one Darth Vader / Anakin Skywalker
100%
5 smuggler turned rebel hero Han Solo
100%
2 chosen one's jedi mentor Obi-Wan Kenobi
100%
18 wife of the chosen one Padme Amidala
100%
6 most famous astromech ever R2-D2
100%
3 jedi grandmaster Yoda
100%
15 supreme chancellor and emperor Emperor Palpatine / Darth Sidious
97%
8 daughter of the chosen one Leia Organa
97%
4 son of the chose one Luke Skywalker
97%
12 only unmodified clone Boba Fett
94%
39 torn between light and dark, son of #5 and #8 Kylo Ren / Ben Solo
94%
19 head of cloud city Lando Calrissian
94%
13 #2's jedi master Qui-Gon Jinn
94%
17 purple lightsaber and vaapad Mace Windu
90%
11 chopped in half and survived Maul
90%
21 leader of the cis Count Dooku
87%
16 baby yoda Grogu
87%
10 apprentice of the chosen one Ahsoka Tano
84%
9 this is the way Din Djarin / The Mandalorian
84%
20 cyborg general of the droid army General Grievous
84%
33 clone template Jango Fett
84%
72 protagonist of the sequel trilogy Rey
84%
78 stormtrooper turned resistance hero Finn
81%
49 sluggish crime lord on tatooine Jabba The Hutt
81%
46 adoptive father of #8 Bail Organa
77%
14 clone captain of the 501st Captain Rex
77%
28 in charge of the first death star Grand Moff Tarkin
77%
24 mon calamari rebel leader Admiral Ackbar
71%
42 rolling droid from the sequels BB-8
71%
25 clone commander of the 212th Commander Cody
71%
97 clumsy gungan Jar Jar Binks
71%
43 master of #15 Darth Plagueis
65%
40 nautolan jedi master with a calm personality Kit Fisto
65%
29 kel dor jedi commander of the wolf pack battalion Plo Koon
65%
38 nightsister and sith assassin Asajj Ventress
61%
34 duros bounty hunter with a cowboy hat Cad Bane
61%
31 female protagonist in rogue one Jyn Erso
61%
75 cone head jedi killed during order 66 Ki-Adi-Mundi
61%
37 male protagonist in rogue one Cassian Andor
58%
90 supreme leader of the first order Supreme Leader Snoke
58%
89 shot by #5 in the mos eisley cantina Greedo
55%
56 droid bounty hunter that works with the empire IG-88
55%
52 nightbrother who worked with his brother #11 Savage Opress
55%
44 2nd best x wing pilot in the ot Wedge Antilles
55%
48 curious ewok in rotj Wicket
55%
74 founder of the rule of two Darth Bane
52%
57 skilled pilot for the resistance Poe Dameron
52%
62 trandoshan bounty hunter that works with the empire Bossk
48%
36 501st arc trooper and bad batch clone Echo
48%
27 501st arc trooper that find the truth about order 66 Fives
48%
65 father of 31 Galen Erso
48%
64 togruta jedi master that gets killed during order 66 Shaak Ti
48%
55 blue twilek jedi master who was killed in order 66 Aayla Secura
45%
95 protagonist for jedi fallen order and jedi survivor Cal Kestis
45%
82 jedi padawan of #47 and member of the ghost crew Ezra Bridger
45%
41 captain of the ghost crew Hera Syndulla
45%
30 protagonist in kotor Revan
45%
100 head of naboo security Captain Panaka
42%
93 mischievous droid member of the ghost crew Chopper
42%
23 reprogrammed imperial security droid K-2SO
42%
96 blue Ortolan musician who played in #49's band Max Rebo
42%
66 strongest member of the bad batch Wrecker
42%
51 deformed clone janitor turned republic hero 99
39%
35 mandalorian warrior for death watch and dark saber wielder Bo-Katan Kryze
39%
83 best shooter in the bad batch Crosshair
39%
63 original overseer of the death star Director Krennic
39%
26 the heir to the empire Grand Admiral Thrawn
39%
91 fan favorite chubby x wing pilot Jek Porkins
39%
47 order 66 survivor and jedi leader for the ghost crew Kanan Jarrus
39%
99 leader of the nightsisters during the clone wars Mother Talzin
39%
59 artistic mandalorian and member of the ghost crew Sabine Wren
39%
61 protagonist of the force unleashed games Starkiller
39%
70 childhood friend of #4 and rebel pilot Biggs Darklighter
35%
32 blind warrior monk in rogue one Chirrut Imwe
35%
85 romantic interest of #2 and leader of mandalore Dutchess Satine
35%
76 leader of the empire's dark side assasins Grand Inquisitor
35%
45 pirate with no allegiances Hondo Ohnaka
35%
67 leader of the bad batch Hunter
35%
73 female rebel leader with a backstory shown in andor Mon Mothma
35%
77 smartest member of the bad batch Tech
35%
60 clone commander of the wolfpack battalion Commander Wolffe
32%
50 sith lord who could consume entire planets Darth Nihilus
32%
68 rebel willing to win at any cost Saw Gerrera
32%
71 wookie leader during the prequels and ot Tarfful
32%
53 machine gun wielding clone in the domino squad Hevy
29%
86 helped fly the millennium falcon in the battle of endor Nien Numb
29%
58 best friend of #32 in rogue one Baze Malbus
26%
88 sharpshooter who is saved by and works for #12 Fennec Shand
26%
98 imperial pilot turned rebel hero in rogue one Bodhi Rook
23%
84 the emperor's hand turned skywalker Mara Jade
23%
92 212th clone trooper who is best friends with #80 Boil
19%
54 shock trooper and new republic marshal Cara Dune
19%
69 501st clone with the galactic republic symbol on his helmet Jesse
19%
94 medic clone for the 501st Kix
19%
80 212th clone trooper who is best friends with #92 Waxer
19%
87 imperial agent turned rebel spy Agent Kallus
16%
79 apprentice of #30 and sith lord Darth Malak
16%
81 501st clone trooper that sacrificed himself on umbara Hardcase
16%
No matching quizzes found
Score Distribution
Percent of People with Each Score
Percentile by Number Answered
Your Score History
You have not taken this quiz